banner-ar

SPEAK, MEMORY / (Record no. 5715)

MARC details
000 -الفاتح
حقل البيانات ثابتة الطول 00577nam a2200217Ia 4500
008 - عناصر البيانات ثابتة الطول - معلومات عامة
حقل البيانات ثابتة الطول 140319s9999 xx 000 0 eng d
020 ## - الرقم الدولى المعيارى للكتب
الرقم الدولى المعيارى للكتاب 1857151887
040 ## - مصدر الفهرسة
وكالة الفهرسة الأصلية GCL /
وكالة النسخ GCL
082 04 - رقم تصنيف ديوى العشرى
رقم التصنيف 920
رقم المادة N S
100 1# - المدخل الرئيسى - إسم شخصى
الإسم الشخصى NABOKOV, VLADIMIR
245 10 - بيان العنوان
العنوان SPEAK, MEMORY /
بيان المسئوليه,etc NABOKOV, VLADIMIR
700 1# - المدخل الاضافى - اسم شخصى
الإسم الشخصى BOYD, BRIAN
260 ## - PUBLICATION, DISTRIBUTION, ETC. (IMPRINT)
تاريخ النشر أو التوزيع 1999
300 ## - الوصف المادى
التعداد 21 CM ؛
أبعاد الوعاء XXXV, 268 P
490 ## - بيان السلسلة
عنوان السلسلة THE MILLENNIUM LIBRARY
رقم المجلد/ التعيين التسلسلي 188
650 04 - المدخل الاضافى بالموضوع-مصطلح موضوعى
مصطلح موضوعي BIOGRAPHY
650 04 - المدخل الاضافى بالموضوع-مصطلح موضوعى
مصطلح موضوعي AUTOBIOGRAPHY
650 04 - المدخل الاضافى بالموضوع-مصطلح موضوعى
مصطلح موضوعي NABOKOV, VLADIMIR
942 ## - عناصر المدخل الإضافي( كوها)
مصدر التصنيف او مخطط الترفيف Dewey Decimal Classification
Koha [default] item type كتاب
260 ## - PUBLICATION, DISTRIBUTION, ETC. (IMPRINT)
-- انجلترا :
-- EVERYMAN'S LIBRARY ،
Holdings
حالة التراجع حالة الفقد حالة تلف ليس للاعارة المكان المؤقت الموقع الحالى تاريخ الاكتساب اجمالي اﻻعارات رقم الطلب الباركود تاريخ اخر مشاهدة تاريخ تفعيل السعر نوع وعاء كوها
        مكتبة القاهرة الكبرى مكتبة القاهرة الكبرى 03/26/2014   920\N S 12136 03/26/2014 03/26/2014 كتاب
        مكتبة القاهرة الكبرى مكتبة القاهرة الكبرى 03/26/2014   920\N S 12137 03/26/2014 03/26/2014 كتاب

Powered By

EGPV